[Event "Tarragona Province-chA"]
[Site "L'Hospitalet Infant"]
[Date "2016.10.30"]
[Round "5"]
[White "Cartanya Caro, Pau"]
[Black "Ribes Cabrera, Jordi"]
[Result "1/2-1/2"]
[WhiteElo "1618"]
[BlackElo "1956"]
[PlyCount "79"]
[EventDate "2016.10.02"]
[EventType "swiss"]
[EventRounds "9"]
[EventCountry "ESP"]
[SourceTitle "EXT 2018"]
[Source "ChessBase"]
[SourceDate "2017.10.13"]
[SourceVersion "1"]
[SourceVersionDate "2017.10.13"]
[SourceQuality "1"]

1. d4 c5 2. c3 e6 3. Nf3 Nf6 4. Bg5 d5 5. e3 Nbd7 6. Bd3 Be7 7. Nbd2 0-0 8. 0-0 b6 9. Ne5 Nxe5 10. dxe5 Nd7 11. Bxe7 Qxe7 12. f4 f5 13. Rf3 c4 14. Bc2 Nc5 15. Rf1 b5 16. Nf3 Bd7 17. Nd4 a5 18. a3 Rab8 19. Qd2 Rb7 20. Rfb1 Rfb8 21. Bd1 Be8 22. Be2 b4 23. axb4 axb4 24. cxb4 Rxb4 25. Ra2 Ne4 26. Qc2 c3 27. b3 Nd2 28. Rd1 Nxb3 29. Qxc3 Nxd4 30. exd4 Rb3 31. Qd2 Qb7 32. h3 Rb4 33. Kh2 Ba4 34. Rda1 Bb3 35. Ra7 Qb6 36. R1a6 Qxd4 37. Qxd4 Rxd4 38. Rxe6 Rd2 39. Ree7 Rxe2 40. Rxg7+ 1/2-1/2

[Event "Tarragona Province-ch B"]
[Site "Tarragona"]
[Date "2015.11.29"]
[Round "9.1"]
[White "Delgado Ortiz, Juan Carlos"]
[Black "Cartanya Caro, Pau"]
[Result "0-1"]
[WhiteElo "1835"]
[BlackElo "1861"]
[PlyCount "96"]
[EventDate "2015.09.27"]
[EventType "swiss"]
[EventRounds "9"]
[EventCountry "ESP"]
[SourceTitle "EXT 2024"]
[Source "ChessBase"]
[SourceDate "2023.10.10"]
[SourceVersion "1"]
[SourceVersionDate "2023.10.10"]
[SourceQuality "1"]

1. e4 c5 2. Nf3 e6 3. c3 Nf6 4. d3 Nc6 5. g3 a6 6. Bg2 b5 7. Bg5 Be7 8. e5 Nd5 9. Bxe7 Ndxe7 10. 0-0 0-0 11. Nbd2 Bb7 12. Ne4 Qb6 13. Qc2 Rab8 14. Rad1 Rfc8 15. Qd2 Ng6 16. Nf6+ gxf6 17. exf6 Qd8 18. Qg5 Kh8 19. Nh4 Qg8 20. Qh6 Nxh4 21. Qxh4 Ne5 22. Bxb7 Rxb7 23. Qe4 Nc6 24. h4 Qg6 25. Qf4 Rg8 26. h5 Qg5 27. Qf3 Rbb8 28. d4 cxd4 29. cxd4 Qg4 30. Kg2 Qxf3+ 31. Kxf3 Rg5 32. g4 Rbg8 33. Rg1 e5 34. dxe5 Nxe5+ 35. Kf4 Rxg4+ 36. Rxg4 Nxg4 37. Rxd7 Nxf6 38. Rxf7 Nxh5+ 39. Kf3 Rg6 40. Ke4 Rf6 41. Ra7 Rxf2 42. Rxa6 Rxb2 43. Kf5 Rg2 44. Ra5 b4 45. Ke6 Rg6+ 46. Kf7 Rg7+ 47. Ke6 Nf4+ 48. Ke5 Rg5+ 0-1